01405cam a22002891 45000010005000000030008000050050017000130080039000300350018000690350018000870400041001050410008001460820021001541100030001752450065002052600053002703000041003235000175003645000068005396500024006077000031006319420012006629990015006749520139006899520143008289520144009713584BD-RjUL20211208233744.0131219s1961 xx 000 0 eng a(BD-RjUL)3618 a(OCoLC)855482 aDLCcVtMiMdOCoLCdDLCdBD-RjULbeng aeng00a341.67bAMA 19612 aAmerican Assembly.92470210aArms control : bissues for the public /cAmerican Assembly. aEnglewood Cliffs, N.J. :bPrentice-Hall,cc1961. axi, 207 p. :bmaps, diagr. ;c22 cm. aPapers prepared for the use of participants in the 19th American Assembly, Arden House, Harriman Campus of Columbia University, May 4-7, 1961, and edited by Louis Henkin. a"Final Report of the Nineteenth American Assembly": p. 201-204. 0aDisarmament.9113411 aHenkin, Louis,eed.911342 2ddccBK c3584d3584 00102ddc40718NFICaRUCLbRUCLcReadingd1963-01-31eMirza bookg9.75l0o341.67 AMA 1961r2013-12-19 00:00:00tC-1w2021-12-08yBK 00102ddc40708NFICaRUCLbRUCLcStackd1973-06-09eMR. S. K. AKANDAg3.00l0o341.67 AMA 1961r2013-12-22 00:00:00tC-2w2021-12-08yBK 00102ddc40708NFICaRUCLbRUCLcStackd1967-03-09eMirza Book Agencyg9.75l0o341.67 AMA 1961r2014-03-15 00:00:00tC-3w2021-12-08yBK